Tratamiento de Soporte Optimizado para la Enfermedad Por el Virus Del Ébola : Protocolos de Soporte Individualizado y Optimizado.

Bibliographic Details
Format: eBook
Language:Spanish
Published: Geneva : World Health Organization, 2023.
Edition:1st ed.
Subjects:
Online Access:Click to View
LEADER 03215nam a22003373i 4500
001 EBC30733632
003 MiAaPQ
005 20231204023231.0
006 m o d |
007 cr cnu||||||||
008 231204s2023 xx o ||||0 spa d
020 |a 9789240080034  |q (electronic bk.) 
035 |a (MiAaPQ)EBC30733632 
035 |a (Au-PeEL)EBL30733632 
035 |a (OCoLC)1396699315 
040 |a MiAaPQ  |b eng  |e rda  |e pn  |c MiAaPQ  |d MiAaPQ 
245 1 0 |a Tratamiento de Soporte Optimizado para la Enfermedad Por el Virus Del Ébola :  |b Protocolos de Soporte Individualizado y Optimizado. 
250 |a 1st ed. 
264 1 |a Geneva :  |b World Health Organization,  |c 2023. 
264 4 |c {copy}2023. 
300 |a 1 online resource (44 pages) 
336 |a text  |b txt  |2 rdacontent 
337 |a computer  |b c  |2 rdamedia 
338 |a online resource  |b cr  |2 rdacarrier 
505 0 |a Intro -- Agradecimientos -- Abreviaciones -- 1. Introducción -- 1.1 Tratamiento de soporte optimizado -- 1.2 Resumen del tratamiento de soporte optimizado -- 1.3 Lista de verificación de evaluaciones diarias -- 2. Principios del manejo clinico del paciente -- 2.1 Evaluaciones y revaluaciones sistemáticas del paciente con EVE -- 2.2 Constantes vitales -- 2.3 Exploración física -- 2.4 Hidratación -- 2.5 Pruebas de laboratorio -- 2.6 Registro de parámetros clínicos y de laboratorio y respuesta a sus cambios o alteraciones -- 3. Reposición de líquidos -- 3.1 Reposición de líquidos en pacientes con septicemia -- 3.2 Reposición de líquidos en pacientes con shock -- 3.3 Vasopresores -- 3.4 Fluidoterapia diaria -- 4. Hipoglucemia -- 5. Electrolitos -- 5.1 Hipopotasemia -- 5.2 Hiperpotasemia -- 5.3 Hipomagnesemia -- 5.4 Hipocalcemia -- 5.5 Hiponatremi -- 5.6 Hipernatremia -- 6. Tratamiento de posibles coinfecciones -- 6.1 Coinfección palúdica -- 6.2 Coinfecciones bacterianas -- 7. Nutrición -- 8. Tratamiento sintomático -- 9. Prevención de complicaciones -- 10. Tratamiento de las complicaciones -- 10.1 Convulsiones -- 10.2 Alteraciones del estado mental y encefalopatía -- 10.3 Hemorragias -- 10.4 Insuficiencia renal aguda -- 10.5 Acidosis metabólica -- 10.6 Insuficiencia respiratoria hipoxémica -- 11. Atención psicosocial y cuidados paliativos -- Referencias -- Apéndice 1. Principales criterios de evaluación de la nutrición y de las constantes vitales en niños -- Apéndice 2. Tratamiento del niño con deshidratación y pérdidas gastrointestinales - Plan C -- Apéndice 3. Tratamiento del shock en la enfermedad por el virus del ébola -- _Hlk126140160 -- _Hlk120802075. 
588 |a Description based on publisher supplied metadata and other sources. 
590 |a Electronic reproduction. Ann Arbor, Michigan : ProQuest Ebook Central, 2023. Available via World Wide Web. Access may be limited to ProQuest Ebook Central affiliated libraries.  
655 4 |a Electronic books. 
776 0 8 |i Print version:  |t Tratamiento de Soporte Optimizado para la Enfermedad Por el Virus Del Ébola  |d Geneva : World Health Organization,c2023 
797 2 |a ProQuest (Firm) 
856 4 0 |u https://ebookcentral.proquest.com/lib/matrademy/detail.action?docID=30733632  |z Click to View